02224nam a2200289 a 45000010005000000030009000050080041000140400028000550820017000831000026001002450065001262600029001913000008002205050380002286500036006086500031006449420012006759990017006879520153007049520153008579520152010109520152011629520152013149520164014669520152016309520152017821045CO-ViMGA141112s2004 ck r 000 u spa d aCO-ViMGAbspacCO-ViMGA a657.046 F4551 aFinney, Harry A9616810aCurso de contabilidad / cFinney Harry A , Miller Herbert E  aMexico : bUteha, c1996 a6 V aActivo, pasivo y capital 2 - - Organización de los estados y del mayor 94 - - Contabilidad de inventarios 217 - - Principios de contabilidad 276 - - Contabilidad de costos 310 - - Análisis de los datos financieros 346 - - Estados consolidados 445 - - La información contable como instrumento de la administración 477 - - Impuesto de renta 495 - - Listas de raya 534 14aCONTABILIDAD - EJERCICIOS9616914aCONTABILIDAD GENERAL96170 2ddccBK c11301d11301 00102ddc40708001aMEVIGACOMbMEVIGACOMd2015-12-04hVolumen. 1 | 11/jun/2009l0o657.046 F455 p3910r2017-05-22 00:00:00tEj. 1w2015-12-04yBK 00102ddc40708001aMEVIGACOMbMEVIGACOMd2015-12-04hVolumen. 2 | 11/jun/2009l0o657.046 F455 p5580r2017-08-09 00:00:00tEj. 1w2015-12-04yBK 00102ddc40708002aMEVIECARbMEVIECARd2015-12-04hVolumen. 6 | 11/jun/2009l0o657.046 F455 p02969r2015-12-04 00:00:00tEj. 6w2015-12-04yBK 00102ddc40708002aMEVIECARbMEVIECARd2015-12-04hVolumen. 5 | 11/jun/2009l0o657.046 F455 p02968r2016-08-22 00:00:00tEj. 5w2015-12-04yBK 00102ddc40708002aMEVIECARbMEVIECARd2015-12-04hVolumen. 4 | 11/jun/2009l0o657.046 F455 p02967r2016-08-22 00:00:00tEj. 4w2015-12-04yBK 00102ddc40708002aMEVIECARbMEVIECARd2015-12-04hVolumen. 1 | 11/jun/2009l1o657.046 F455 p02964r2019-12-04 00:00:00s2018-02-09tEj. 1w2015-12-04yBK 01102ddc44708002aMEVIECARbMEVIECARd2015-12-04hVolumen. 3 | 11/jun/2009l0o657.046 F455 p02966r2016-08-22 00:00:00tEj. 3w2015-12-04yBK 01102ddc44708002aMEVIECARbMEVIECARd2015-12-04hVolumen. 2 | 11/jun/2009l0o657.046 F455 p02965r2016-08-22 00:00:00tEj. 2w2015-12-04yBK